| 000 | 00425nam a2200157Ia 4500 | ||
|---|---|---|---|
| 008 | 210210b1996 xxu||||| |||| 00| 0 eng d | ||
| 020 | _a0 521 55636 8 | ||
| 082 | _a792.0941 STYE | ||
| 100 | _aSTYAN (J L). | ||
| 245 | _aEnglish stage: a history of drama & performance. | ||
| 260 |
_aNY _bCambridge University _c1996 |
||
| 300 | _axvi,432 | ||
| 650 | _aEnglish stage drama theatre | ||
| 690 | _aTheatre | ||
| 906 | _a052555 | ||
| 999 |
_c101067 _d101067 |
||